000 00786nam a22001817a 4500
999 _c59261
_d59261
005 20221226121117.0
008 221226s1976ru xxu||||| |||| 00| 0 rus d
041 _arus
080 _a821.161.1 Ч-56
100 _aЧехов, А. П
_916580
245 _aИзбранные произведения : B - 3х томах
_bТом 2 : Рассказы и повести 1888-1897 /
_cАнтон Чехов, Ред. А. Бабореко
264 _aМосква :
_bХудожественная литература,
_c1976.
300 _a460 ст,
_b22 см,
653 _aИзбранные произведения
653 _aშერჩეული ნაწარმოებები
700 _a Бабореко,
_916581
_eრედაქტორი
942 _2udc
_cBK